Marvel Comics Films - Statistiques

Statistiques générales
  • Ce quiz a été pris 124 fois
  • Le résultat moyen est 13 sur 28
Statistiques - réponses
# Films Dernière sortie Personnage ou Equipes % Correct
3 2013 Iron Man
91%
5 2026 Avengers
90%
2 2008 L'incroyable Hulk
89%
9 2026 Spider-Man
89%
4 2025 Captain America
87%
4 2022 Thor
83%
1 2021 Black Widow
75%
3 2023 Ant-Man / La Guêpe
61%
2 2022 Black Panther
59%
3 2023 Les Gardiens de la Galaxie
58%
8 2020 X-Men / Les Nouveau Mutants
56%
4 2025 Les 4 Fantastiques
49%
3 2024 Deadpool
45%
2 2023 Captain Marvel
44%
1 2025 Thunderbolts
43%
1 2021 Les Éternels
39%
4 2024 Wolverine
36%
2 2022 Dr. Strange
35%
1 2021 Shang-Chi
31%
3 2024 Venom
24%
1 2003 Daredevil
21%
1 2024 Madame Web
16%
2 2011 Ghost Rider
13%
2 2008 Le Punisher
13%
3 2004 Blade
12%
1 2024 Kraven le Chasseur
11%
1 2022 Morbius
11%
1 2005 Elektra
8%
Aucun quiz correspondant
Distribution des résultats
% des personnes avec chaque résultat
Percentile par nombre de réponses
Votre historique - résultats
Vous n’avez pas pris ce quiz